[Event "Challenge"]
[Site "http://www.queenalice.com/game.php?id=422387"]
[Date "2008.6.24"]
[Round "-"]
[White "Daniy"]
[Black "soonersam"]
[Result "0-1"]
[WhiteElo "1457"]
[BlackElo "926"]

1. e4 e5 2. Nf3 h6 3. g3 g5 4. Bb5 c6 5. Ba4 f6 6. O-O g4 7. Nh4 b5 8. Bb3 b4 9.
d4 Ba6 10. Re1 exd4 11. Bf4 c5 12. Nf5 Nc6 13. Nd6+ Ke7 14. Nd2 Bb5 15. Nb7 Qc8
16. Bc4 Bxc4 17. b3 Ba6 18. Bd6+ Ke8 19. e5 Bxb7 20. Nc4 fxe5 21. Re4 Bxd6 22.
Nxd6+ Kd8 23. Rxg4 Qb8 24. Nf7+ Ke8 25. Rg7 Kf8 26. Qg4 Rh7 27. Qxd7 Rxg7 28.
Qd6+ Kxf7 29. Re1 Qxd6 30. c4 d3 31. Rd1 d2 32. Kg2 Nd8+ 33. f3 Qd3 34. Kg1 Qc2
35. Rxd2 Qxd2 36. f4 Ne6 37. a4 Rd8 38. a5 Qc2 39. fxe5 Rd1# 0-1

[Event "Challenge"]
[Site "http://www.queenalice.com/game.php?id=422402"]
[Date "2008.6.24"]
[Round "-"]
[White "Daniy"]
[Black "guilherme_kafifa"]
[Result "0-1"]
[WhiteElo "1457"]
[BlackElo "1281"]

1. e4 Nf6 2. Bd3 Nc6 3. Ne2 e5 4. b3 Bc5 5. Bb5 Nd4 6. c3 Nxe2 7. Qxe2 O-O 8.
O-O a6 9. Bd3 d6 10. Bb2 Bg4 0-1

[Event "AUTO-OPEN-1173"]
[Site "http://www.queenalice.com/game.php?id=422791"]
[Date "2008.6.25"]
[Round "1"]
[White "showman"]
[Black "Daniy"]
[Result "1-0"]
[WhiteElo "1671"]
[BlackElo "1334"]

1. e4 Nc6 2. Nc3 e5 3. Bb5 Qh4 4. g3 Qe7 5. Nd5 Qg5 6. Nxc7+ Kd8 7. Nxa8 Bb4 8.
c3 Bc5 9. d4 Qg4 10. Qxg4 Nce7 11. dxc5 Nh6 12. Qxg7 d6 13. Qxh8+ Nhg8 14. Bg5
Bg4 15. Bxe7+ Kxe7 16. Qxg8 Bh5 17. cxd6+ Kxd6 18. Qb8+ Ke6 19. Nc7+ 1-0

[Event "AUTO-OPEN-1173"]
[Site "http://www.queenalice.com/game.php?id=422792"]
[Date "2008.6.25"]
[Round "1"]
[White "Daniy"]
[Black "showman"]
[Result "0-1"]
[WhiteElo "1336"]
[BlackElo "1693"]

1. Nf3 e6 2. g3 Nf6 3. Bh3 Bc5 4. d4 Bb6 5. O-O O-O 6. Bg5 d5 7. Nc3 a6 8. Re1
Nc6 9. Qd2 h6 10. Bf4 Ne4 11. Qe3 Nb4 12. Rec1 Re8 13. a3 Nc6 14. Ne5 Nxe5 15.
Bxe5 f6 16. Bf4 e5 17. Rd1 Bxh3 18. Nxd5 Qxd5 0-1

[Event "AUTO-OPEN-1173"]
[Site "http://www.queenalice.com/game.php?id=422809"]
[Date "2008.6.25"]
[Round "1"]
[White "Daniy"]
[Black "HeftigerDuennfluessigerSchach"]
[Result "1-0"]
[WhiteElo "1331"]
[BlackElo "1577"]

1. Nf3 d5 2. e3 c5 3. Bb5+ Bd7 4. a4 Nc6 5. O-O e6 6. Ra3 c4 7. d4 Bxa3 8. bxa3
Nce7 9. Qe1 a6 10. Bd2 axb5 11. Bb4 bxa4 12. Ne5 Nf6 13. Nxf7 Kxf7 14. Ba5 Rxa5
15. Nc3 Qb6 16. f3 Re8 17. f4 1-0

[Event "AUTO-OPEN-1173"]
[Site "http://www.queenalice.com/game.php?id=422810"]
[Date "2008.6.25"]
[Round "1"]
[White "HeftigerDuennfluessigerSchach"]
[Black "Daniy"]
[Result "0-1"]
[WhiteElo "1577"]
[BlackElo "1360"]

1. d4 d5 2. Nc3 Bg4 3. Nf3 Nf6 4. h3 Bh5 5. Bf4 e6 6. e3 Bb4 7. a3 O-O 8. axb4
Na6 9. Be2 g5 10. Bxg5 Nxb4 11. e4 dxe4 12. Nxe4 Rc8 13. Nxf6+ Kh8 14. Nxh5 f6
15. Bh6 Rf7 16. O-O Qd5 17. Ng3 f5 18. Qd2 a5 19. Ne5 Rf6 20. Qg5 Qxd4 0-1

[Event "Challenge"]
[Site "http://www.queenalice.com/game.php?id=422906"]
[Date "2008.6.25"]
[Round "-"]
[White "alfonso"]
[Black "Daniy"]
[Result "1-0"]
[WhiteElo "1130"]
[BlackElo "1473"]

1. e4 Nf6 2. e5 Nd5 3. c4 g6 4. cxd5 Bg7 5. d4 O-O 6. Nh3 e6 7. dxe6 fxe6 8. Bg5
Qe8 9. Bc4 Rf5 10. g4 Qf8 11. gxf5 Qxf5 12. d5 Qxe5+ 13. Kf1 b6 14. dxe6 dxe6
15. Qd8+ Bf8 16. Bf6 Nc6 17. Qe8 Bb7 18. Bxe6+ Qxe6 19. Qxe6# 1-0

[Event "AUTO-OPEN-1174"]
[Site "http://www.queenalice.com/game.php?id=423119"]
[Date "2008.6.25"]
[Round "1"]
[White "Daniy"]
[Black "joaohumberto"]
[Result "0-1"]
[WhiteElo "1388"]
[BlackElo "1585"]

1. Nf3 d5 2. d4 h6 3. e3 c6 4. Ne5 g5 5. Bd2 f6 6. Nd3 Bg7 7. Be2 b6 8. Bh5+ Kf8
9. c3 Bd7 10. O-O f5 11. Na3 Nf6 12. Ne5 Be8 13. Bxe8 Qxe8 14. Qa4 Ne4 0-1

[Event "AUTO-OPEN-1174"]
[Site "http://www.queenalice.com/game.php?id=423120"]
[Date "2008.6.25"]
[Round "1"]
[White "joaohumberto"]
[Black "Daniy"]
[Result "1-0"]
[WhiteElo "1593"]
[BlackElo "1376"]

1. d4 d5 2. e3 Nf6 3. f3 Qd6 4. Bd2 g6 5. Be2 Bd7 6. a3 Nh5 7. f4 Nf6 8. Bb4 Qe6
9. Bf3 Qxe3+ 10. Qe2 Qe6 11. Qxe6 fxe6 12. Ne2 1-0

[Event "AUTO-OPEN-1174"]
[Site "http://www.queenalice.com/game.php?id=423123"]
[Date "2008.6.25"]
[Round "1"]
[White "Daniy"]
[Black "Kappat"]
[Result "0-1"]
[WhiteElo "1457"]
[BlackElo "2038"]

1. d4 d5 2. Bg5 h6 3. Bf4 Nf6 4. g3 e6 5. e3 Nc6 6. Bb5 Bd7 7. Nf3 Nh5 8. O-O
Nxf4 9. gxf4 Bd6 10. Nc3 O-O 11. Nh4 Qxh4 12. Qf3 a6 13. Be2 Ne7 14. b4 Bxb4 0-1

[Event "AUTO-OPEN-1174"]
[Site "http://www.queenalice.com/game.php?id=423124"]
[Date "2008.6.25"]
[Round "1"]
[White "Kappat"]
[Black "Daniy"]
[Result "1-0"]
[WhiteElo "2036"]
[BlackElo "1457"]

1. d4 d5 2. c4 dxc4 3. Nf3 Bg4 4. Ne5 Bh5 5. Qa4+ c6 6. Qxc4 e6 7. g4 Qd5 8.
Qxd5 cxd5 9. gxh5 Bb4+ 10. Bd2 Bd6 11. Nd3 Nc6 12. e3 Nh6 13. Bg2 Nf5 14. O-O
Nh4 15. Nc3 g5 16. hxg6 hxg6 17. h3 1-0

[Event "Challenge"]
[Site "http://www.queenalice.com/game.php?id=443605"]
[Date "2008.8.4"]
[Round "-"]
[White "alfonso"]
[Black "Daniy"]
[Result "1-0"]
[WhiteElo "1199"]
[BlackElo "1366"]

1. e4 e5 2. h4 Bc5 3. Nh3 Qxh4 4. g3 Qxe4+ 5. Qe2 d5 6. Rg1 Nf6 7. d3 Qd4 8. c3
Qg4 9. Qxe5+ Kf8 10. Qxc7 Na6 11. Qe5 Qh5 12. Qf4 Qf5 13. d4 Bb6 14. Qd6+ Ke8
15. Bb5+ Bd7 16. Bf1 1-0